| 000 | 00604nam a22002057a 4500 | ||
|---|---|---|---|
| 005 | 20220624145805.0 | ||
| 008 | 220624b ||||| |||| 00| 0 eng d | ||
| 040 | _cAL | ||
| 041 | _aEnglish | ||
| 082 |
_223 _a954.035 _bRADJ |
||
| 100 |
_aN Radhakrishnan _945025 |
||
| 245 | _aJournal of Peace and Gandhian Studies | ||
| 260 |
_aNew Delhi _bGandhi Media Centre _c1996 |
||
| 300 |
_a136 p. _bPB _c24x16 cm. |
||
| 440 |
_aVol 1 No 3 April-June 1996 _945026 |
||
| 650 |
_aNonviolence as a Unifying Force _945027 |
||
| 650 |
_aGandhi _945028 |
||
| 700 |
_aRADHAKRISHNAN (N) Ed _945029 |
||
| 942 |
_2ddc _cGF |
||
| 999 |
_c223478 _d223478 |
||